• 首页
  • 本馆介绍
  • 公告通知
  • 最新文献
  • 馆藏检索
  • 电子资源
  • 读者导购
  • 参考咨询
  • 我的图书馆
  • 登录
  • 详细信息显示
  • 放入我的书架
  • 预约/预借图书
  • 作者相关作品
  • 分类相关作品
  • 丛书相关作品
  • 出版社相关作品

书目信息

  • 表格格式
  • 工作单格式
  • 卡片格式
题名:
名辩艺术与思维逻辑
    
 
作者: 董志铁 著
分册:  
出版信息: 北京   中国广播电视出版社  2007
页数: 242页
开本: 23cm
丛书名: 诸子百家与现代文化丛书
单 册:
中图分类: B812 , B81-092
科图分类:
主题词: 形式逻辑--研究 , 形式逻辑 , DISPLAY逻辑
电子资源:
ISBN: 978-7-5043-3054-3
000 00928oam2 2200301 450
001 0931400750
005 20090928085553.23
010    @a978-7-5043-3054-3@dCNY27.00
100    @a20070402d2007 em y0chiy50 ea
101 0  @achi
102    @aCN@b110000
105    @ay z 000yy
106    @ar
200 1  @a名辩艺术与思维逻辑@Aming bian yi shu yu si wei luo ji@f董志铁著
205    @a2版@b修订版
210    @a北京@c中国广播电视出版社@d2007
215    @a242页@d23cm
225 2  @a诸子百家与现代文化丛书
330    @a本书内容包括:名辩思想的发展、辩学的建立、名学的建立、名辩之名与逻辑学概念理论、名辩学之辞与逻辑学判断理论等。
461  0 @1001003509461
606 0  @a形式逻辑@x研究
606 0  @a形式逻辑
606 0  @aDISPLAY逻辑
690    @aB812@v4
690    @aB81-092@v4
701  0 @a董志铁@Adong zhi tie@f(1945.7~)@4著
801  0 @aCN@b110017@c20070104
905    @a10447@dB81-092@eJY51
    
    名辩艺术与思维逻辑/董志铁著 .-2版,修订版 .-北京:中国广播电视出版社,2007
    242页;23cm .-(诸子百家与现代文化丛书 )
    
    
    ISBN 978-7-5043-3054-3:CNY27.00
    本书内容包括:名辩思想的发展、辩学的建立、名学的建立、名辩之名与逻辑学概念理论、名辩学之辞与逻辑学判断理论等。
●
相关链接 在E读中查询图书 在五车中查询图书 在当当中查询图书 在豆瓣中查询图书


正题名:名辩艺术与思维逻辑     索取号:B81-092/JY51         预约/预借

序号 登录号 条形码 馆藏地/架位号 状态 备注
1 7804845   278048453   学院路分馆/ [索取号:B81-092/JY51] 在馆    
2 7804846   278048462   学院路分馆/ [索取号:B81-092/JY51] 在馆    
唐山师范学院图书馆 欢迎您!
大连网信软件有限公司© 版权所有